000 00705nam a2200181Ia 4500
008 100920s9999 xx 000 0 und d
082 _b59825
_a891.43 थ 92
100 _aयादव राजेंद्र.
245 _aकांटे की बात - 1 न लिखने का कारण.
260 _bअक्षर प्रकाशन, दिल्ली.
_c1992
300 _a160
_bसाधी
365 _b25
520 _aहिंदी.
630 _aकांटे की बात - 1 न लिखने का कारण.
650 _aहिंदी.
730 _aकांटे की बात - 1 न लिखने का कारण.
942 _cBOOK
999 _c703184
_d703181